• 首页
  • 本馆介绍
  • 公告通知
  • 最新文献
  • 馆藏检索
  • 电子资源
  • 读者导购
  • 参考咨询
  • 我的图书馆
  • 登录
  • 详细信息显示
  • 放入我的书架
  • 预约/预借图书
  • 作者相关作品
  • 分类相关作品
  • 丛书相关作品
  • 出版社相关作品

书目信息

  • 表格格式
  • 工作单格式
  • 卡片格式
题名:
管理信息系统
    
 
作者: 黄梯云 主编
分册:  
出版信息: 北京   高等教育出版社  1999
页数: 316页
开本: 23cm
丛书名:
单 册:
中图分类: C931.6
科图分类:
主题词: 管理--技术 , 管理--方法
电子资源:
ISBN: 7-04-016119-2
000 00699nam0 2200229 450
001 0663424531
005 20070710154511.07
010    @a7-04-016119-2@dCNY32.00
100    @a20060929d1999 km y0chiy0120 ea
101 0  @achi
102    @aCN@b110000
200 1  @a管理信息系统@Aguan li xin xi xi tong@f黄梯云主编@Fhuang ti yun zhu bian
205    @a第三版
210    @a北京@c高等教育出版社@d1999
215    @a316页@d23cm
300    @a普通高等教育"十五"国家级规划教材,面向21世纪新课程教材,高等学校工商管理类核心课程教材
606 0  @a管理@x技术
606 0  @a管理@x方法
690    @aC931.6@v3
701  0 @a黄梯云@Ahuang ti yun@4主编
801  0 @aCN@bNISOFT@c20070710
905    @a10447@dC931.6@e212=3
    
    管理信息系统/黄梯云主编.-第三版.-北京:高等教育出版社,1999
    316页;23cm
    普通高等教育"十五"国家级规划教材,面向21世纪新课程教材,高等学校工商管理类核心课程教材
    
    ISBN 7-04-016119-2:CNY32.00
    
●
相关链接 在E读中查询图书 在五车中查询图书 在当当中查询图书 在豆瓣中查询图书


正题名:管理信息系统     索取号:C931.6/212=3         预约/预借

序号 登录号 条形码 馆藏地/架位号 状态 备注
1 0494017   204940172   密集书库/ [索取号:C931.6/212=3] 在馆    
2 0494018   204940181   密集书库/ [索取号:C931.6/212=3] 在馆    
3 0494019   204940190   第一样本阅览室/ [索取号:C931.6/212=3] 在馆    
4 0494020   204940207   第一借阅区/ [索取号:C931.6/212=3] 在馆    
5 0770663   207706632   库房3/ [索取号:C931.6/212=3] 在馆    
6 0770664   207706641   库房3/ [索取号:C931.6/212=3] 在馆    
7 0770665   207706650   库房3/ [索取号:C931.6/212=3] 在馆    
8 0770666   207706669   库房3/ [索取号:C931.6/212=3] 在馆    
9 0770667   207706678   库房3/ [索取号:C931.6/212=3] 在馆    
10 0770668   207706687   库房3/ [索取号:C931.6/212=3] 在馆    
唐山师范学院图书馆 欢迎您!
大连网信软件有限公司© 版权所有